| 000 | 01051cam a2200265 i 4500 | ||
|---|---|---|---|
| 003 | SA-RiAUC | ||
| 005 | 20250313120255.0 | ||
| 008 | 250207q19001999le g 000r0 ara c | ||
| 024 | 0 | _a77000000007781 | |
| 040 |
_aLB-BrLEU _bara _cSA-RiAUC. _erda |
||
| 082 | 0 | 4 |
_a739.227 _qSA-RiAUC |
| 090 |
_a739.227 _bب ي ر |
||
| 100 | 1 |
_aالبيروني، محمد بن أحمد، _d362-440 هجري _eمؤلف. |
|
| 245 | 1 | 0 |
_aكتاب الجماهر في معرفة الجواهر / _cتصنيف الأستاذ أبي الريحان محمد بن أحمد البيروني. |
| 246 | 3 | 0 | _aالجماهر في معرفة الجواهر |
| 264 | 1 |
_a[بيروت] : _bعالم الكتب، _c[بين 1900 و1999] |
|
| 300 |
_a273، 11 صفحة ؛ _c24 سم |
||
| 336 |
_aنص _btxt _2rdacontent _3كتاب |
||
| 337 |
_aبدون وسيط _bn _2rdamedia |
||
| 338 |
_aمجلد _bnc _2rdacarrier |
||
| 650 | 7 |
_aالأحجار الكريمة _2aucsh |
|
| 650 | 7 |
_aالمجوهرات _2aucsh |
|
| 942 |
_2ddc _cBOOK _n0 |
||
| 949 |
_aSA-JeALM _d250207 _umohamedma123 _n1 |
||
| 999 |
_c6390 _d6390 |
||